Equatorial Countries Map Quiz - Statistics

General Stats
  • This quiz has been taken 22 times
  • The average score is 10 of 11
Answers on the Map
Answers color-coded by a green-red scale on the quiz's map according to % correct below.
 
Answer Stats
Country % Correct
Brazil
100%
Colombia
100%
Democratic Republic of the Congo
100%
Ecuador
100%
Indonesia
100%
Uganda
100%
Gabon
95%
Kenya
95%
Republic of the Congo
95%
Somalia
95%
São Tomé and Príncipe
63%
No matching quizzes found
Score Distribution
Percent of People with Each Score
Percentile by Number Answered
Your Score History
You have not taken this quiz